[Event "St Petersburg Nov op"]
[Site "St Petersburg"]
[Date "2008.11.01"]
[Round "1"]
[White "Stepaniants, Anatoly"]
[Black "Pimenov, Revolt"]
[Result "0-1"]
[WhiteElo "2001"]
[BlackElo "2189"]
[PlyCount "64"]
[EventDate "2008.11.01"]
[EventType "swiss"]
[EventRounds "9"]
[EventCountry "RUS"]
[SourceTitle "EXT 2010"]
[Source "ChessBase"]
[SourceDate "2010.11.25"]
[SourceVersion "1"]
[SourceVersionDate "2010.11.25"]
[SourceQuality "1"]

1. d4 e6 2. c4 Bb4+ 3. Nd2 d5 4. a3 Bd6 5. Ngf3 Nf6 6. g3 0-0 7. Bg2 c6 8. 0-0 Nbd7 9. c5 Bc7 10. b4 e5 11. dxe5 Nxe5 12. Bb2 Qe7 13. Qc2 Bg4 14. Nd4 Ned7 15. Qc3 Rfe8 16. h3 Be6 17. f4 Nf8 18. g4 Bd7 19. Nc2 Ne6 20. e3 d4 21. Nxd4 Nxd4 22. exd4 Nd5 23. Bxd5 cxd5 24. Rf3 Qh4 25. Raf1 h5 26. g5 Re2 27. R1f2 Rae8 28. Rxe2 Rxe2 29. Nf1 Bxf4 30. Ng3 Bxg3 31. Rxg3 Rxb2 32. g6 fxg6 0-1

[Event "St Petersburg June op"]
[Site "St Petersburg"]
[Date "2008.06.21"]
[Round "1"]
[White "Barhudarian, Rafael"]
[Black "Stepaniants, Anatoly"]
[Result "0-1"]
[WhiteElo "2293"]
[BlackElo "2000"]
[PlyCount "62"]
[EventDate "2008.06.21"]
[EventType "swiss"]
[EventRounds "9"]
[EventCountry "RUS"]
[SourceTitle "CBM 125 Extra"]
[Source "ChessBase"]
[SourceDate "2008.09.01"]
[SourceVersion "1"]
[SourceVersionDate "2008.09.01"]
[SourceQuality "1"]

1. Nc3 c6 2. d4 d5 3. e4 dxe4 4. Nxe4 Nf6 5. Nxf6+ gxf6 6. Nf3 Bf5 7. Bd3 Bg6 8. h4 e6 9. h5 Bxd3 10. Qxd3 Qc7 11. Be3 Nd7 12. 0-0-0 0-0-0 13. g3 Qa5 14. Kb1 Kb8 15. Bf4+ Ka8 16. Nd2 Qd5 17. Bc7 Rc8 18. c4 Nc5 19. cxd5 Nxd3 20. d6 Bh6 21. Nc4 Nxf2 22. Rdf1 Nxh1 23. Nb6+ axb6 24. Rf3 Bd2 25. Ra3+ Ba5 26. Bxb6 Kb8 27. Rxa5 Rcd8 28. Bc7+ Kc8 29. Ra8+ Kd7 30. Ra7 Rb8 31. a4 Rhc8 0-1

[Event "St Petersburg March op"]
[Site "St Petersburg"]
[Date "2008.03.29"]
[Round "8"]
[White "Krylov, Andrei"]
[Black "Stepaniants, Anatoly"]
[Result "1-0"]
[WhiteElo "2099"]
[BlackElo "2000"]
[PlyCount "67"]
[EventDate "2008.03.22"]
[EventType "swiss"]
[EventRounds "9"]
[EventCountry "RUS"]
[SourceTitle "EXT 2010"]
[Source "ChessBase"]
[SourceDate "2010.11.25"]
[SourceVersion "1"]
[SourceVersionDate "2010.11.25"]
[SourceQuality "1"]

1. d4 Nf6 2. c4 g6 3. Nc3 Bg7 4. e4 d6 5. f3 0-0 6. Be3 Nbd7 7. Qd2 c5 8. d5 Ne8 9. Nh3 Ne5 10. Nf2 f5 11. 0-0-0 a6 12. Bh6 b5 13. Bxg7 Kxg7 14. f4 Nxc4 15. Bxc4 bxc4 16. e5 dxe5 17. fxe5 Bb7 18. Nh3 Nc7 19. Nf4 Qc8 20. Rhe1 Kg8 21. d6 g5 22. Nfd5 Nxd5 23. Nxd5 Bxd5 24. Qxg5+ Kh8 25. dxe7 Qe6 26. exf8Q+ Rxf8 27. Qd2 Rd8 28. g3 Rd7 29. Qg5 Qe8 30. Qf6+ Kg8 31. e6 Rd6 32. Qf7+ Qxf7 33. exf7+ Kxf7 34. Re5 1-0

[Event "St Petersburg March op"]
[Site "St Petersburg"]
[Date "2008.03.25"]
[Round "4"]
[White "Stepaniants, Anatoly"]
[Black "Toder, Denis"]
[Result "0-1"]
[WhiteElo "2000"]
[BlackElo "2191"]
[PlyCount "146"]
[EventDate "2008.03.22"]
[EventType "swiss"]
[EventRounds "9"]
[EventCountry "RUS"]
[SourceTitle "EXT 2010"]
[Source "ChessBase"]
[SourceDate "2010.11.25"]
[SourceVersion "1"]
[SourceVersionDate "2010.11.25"]
[SourceQuality "1"]

1. d4 Nf6 2. c4 g6 3. Nf3 Bg7 4. Nc3 0-0 5. e4 d6 6. Be2 e5 7. dxe5 dxe5 8. 0-0 Nbd7 9. Qc2 c6 10. a3 Nh5 11. Be3 Nf4 12. Rad1 Nxe2+ 13. Qxe2 Qc7 14. Rd3 Re8 15. Rfd1 Bf8 16. b4 Nb6 17. c5 Nc4 18. Bc1 h6 19. Nd2 Nxd2 20. R3xd2 Be6 21. Qe3 Rad8 22. Bb2 Rxd2 23. Rxd2 Rd8 24. Ne2 Bg7 25. f3 Rxd2 26. Qxd2 Qd7 27. Qc2 h5 28. Kf2 Kh7 29. Nc1 f6 30. Ke2 Bf7 31. Nb3 b6 32. cxb6 axb6 33. Bc1 Qa7 34. Nd2 c5 35. b5 Qa5 36. a4 Qb4 37. Bb2 c4 38. Bc3 Qc5 39. Nf1 Qg1 40. Ke1 Qc5 41. Qb2 Bf8 42. Bd2 Qc7 43. Qc3 Bc5 44. Be3 Bd4 45. Bxd4 exd4 46. Qxd4 c3 47. Kd1 Bb3+ 48. Kc1 Qe7 49. Qxc3 Qa3+ 50. Kd2 Qxa4 51. Qc7+ Kh6 52. Qf4+ Kg7 53. Qc7+ Bf7 54. Qd7 Qa2+ 55. Ke3 Qxg2 56. Qd2 Qg5+ 57. f4 Qxb5 58. Ng3 Qc5+ 59. Qd4 Qc1+ 60. Kd3 Qxf4 61. Qxb6 h4 62. Ne2 Qxh2 63. Qb7 Qe5 64. Qd7 Qe6 65. Qc7 Qh3+ 66. Kd4 Qg2 67. Nf4 Qd2+ 68. Nd3 Qg2 69. Nf4 Qb2+ 70. Ke3 Qe5 71. Qd7 g5 72. Nh3 Qe6 73. Qxe6 Bxe6 0-1

[Event "St Petersburg March op"]
[Site "St Petersburg"]
[Date "2008.03.23"]
[Round "2"]
[White "Savinov, Leonid"]
[Black "Stepaniants, Anatoly"]
[Result "1-0"]
[WhiteElo "2156"]
[BlackElo "2000"]
[PlyCount "39"]
[EventDate "2008.03.22"]
[EventType "swiss"]
[EventRounds "9"]
[EventCountry "RUS"]
[SourceTitle "EXT 2010"]
[Source "ChessBase"]
[SourceDate "2010.11.25"]
[SourceVersion "1"]
[SourceVersionDate "2010.11.25"]
[SourceQuality "1"]

1. d4 d5 2. Nf3 Nf6 3. c4 c6 4. Nc3 Bg4 5. Ne5 Bh5 6. f3 e6 7. g4 Bg6 8. h4 h6 9. Nxg6 fxg6 10. Qc2 Qc7 11. Qxg6+ Kd8 12. Be3 dxc4 13. Bh3 b5 14. g5 hxg5 15. Bxg5 Nbd7 16. Bxe6 Qg3+ 17. Kd2 Kc7 18. Bxd7 b4 19. Ne4 Nxe4+ 20. Qxe4 1-0

[Event "St Petersburg Autumn op"]
[Site "St Petersburg"]
[Date "2006.11.07"]
[Round "8"]
[White "Anosov, Sergey"]
[Black "Stepaniants, Anatoly"]
[Result "0-1"]
[WhiteElo "2080"]
[BlackElo "1971"]
[PlyCount "62"]
[EventDate "2006.10.31"]
[EventType "swiss"]
[EventRounds "9"]
[EventCountry "RUS"]
[SourceTitle "EXT 2007"]
[Source "ChessBase"]
[SourceDate "2006.11.23"]
[SourceVersion "1"]
[SourceVersionDate "2006.11.23"]
[SourceQuality "1"]

1. e4 c6 2. d4 d5 3. Nc3 dxe4 4. Nxe4 Nf6 5. Ng3 Nbd7 6. Nf3 g6 7. Bc4 Bg7 8. Bb3 0-0 9. Bg5 h6 10. Be3 Nd5 11. Bxd5 cxd5 12. Qd2 Kh7 13. h4 Nb6 14. b3 f6 15. h5 g5 16. Qd3+ Kh8 17. Nf5 Bxf5 18. Qxf5 Qc8 19. Qd3 e5 20. Nh2 e4 21. Qd2 f5 22. f4 exf3 23. Nxf3 f4 24. Bf2 Re8+ 25. Kd1 Qg4 26. Rg1 Re4 27. Kc1 Rae8 28. Qd3 Re2 29. Re1 Rxe1+ 30. Nxe1 Re2 31. Qg6 Qc8 0-1